[Event "Klatovy op-B 29th"]
[Site "Klatovy"]
[Date "2023.07.08"]
[Round "8"]
[White "Rudlof, Jan"]
[Black "Souralova, Jana"]
[Result "1-0"]
[WhiteElo "1698"]
[BlackElo "1386"]
[PlyCount "97"]
[EventDate "2023.07.01"]
[EventType "swiss"]
[EventRounds "9"]
[EventCountry "CZE"]
[SourceTitle "CBM 215 Extra"]
[Source "ChessBase"]
[SourceDate "2023.09.30"]
[SourceVersion "1"]
[SourceVersionDate "2023.09.30"]
[SourceQuality "1"]

1. d4 d5 2. c4 e6 3. Nc3 Nf6 4. cxd5 exd5 5. Bg5 Be7 6. e3 Nbd7 7. Bd3 0-0 8. Nf3 c5 9. Rc1 b6 10. 0-0 Bb7 11. h3 Rc8 12. Bf4 Ne4 13. Ne5 Nxe5 14. Bxe5 Bf6 15. Bxf6 Qxf6 16. Ne2 Rc7 17. Bxe4 dxe4 18. Qa4 Bd5 19. b3 Qe7 20. dxc5 Rxc5 21. Rxc5 bxc5 22. Rd1 Be6 23. Qxe4 Rd8 24. Qc2 Rxd1+ 25. Qxd1 Qd7 26. Qxd7 Bxd7 27. Nc3 Be6 28. Kf1 c4 29. b4 Kf8 30. Ke2 a6 31. e4 Ke7 32. Ke3 Kd6 33. Kd4 Kc6 34. a4 Kd6 35. f4 f6 36. b5 a5 37. Nd5 Bxd5 38. exd5 c3 39. Kxc3 Kxd5 40. Kd3 g6 41. g4 h6 42. h4 f5 43. gxf5 gxf5 44. b6 Kc6 45. b7 Kxb7 46. Kd4 Kc6 47. Ke5 Kc5 48. Kxf5 Kb4 49. Kg6 1-0

[Event "Klatovy op-B 29th"]
[Site "Klatovy"]
[Date "2023.07.07"]
[Round "7"]
[White "Devera, Filip"]
[Black "Rudlof, Jan"]
[Result "1/2-1/2"]
[WhiteElo "1381"]
[BlackElo "1698"]
[PlyCount "50"]
[EventDate "2023.07.01"]
[EventType "swiss"]
[EventRounds "9"]
[EventCountry "CZE"]
[SourceTitle "CBM 215 Extra"]
[Source "ChessBase"]
[SourceDate "2023.09.30"]
[SourceVersion "1"]
[SourceVersionDate "2023.09.30"]
[SourceQuality "1"]

1. e4 c6 2. d4 d5 3. exd5 cxd5 4. Bd3 Nc6 5. c3 Nf6 6. Nf3 g6 7. 0-0 Bg7 8. Nbd2 Bf5 9. Bxf5 gxf5 10. Re1 0-0 11. Ne5 e6 12. Ndf3 Ne4 13. Bf4 Rc8 14. Qe2 a6 15. a4 Na5 16. Rac1 Bf6 17. Nd2 Nxd2 18. Bxd2 Nb3 19. Rb1 Bxe5 20. dxe5 Nxd2 21. Qxd2 Qh4 22. Re3 Kh8 23. Rh3 Qg4 24. Rg3 Qh4 25. Rh3 Qg4 1/2-1/2

[Event "Klatovy op-B 29th"]
[Site "Klatovy"]
[Date "2023.07.05"]
[Round "5"]
[White "Maly, Jiri2222"]
[Black "Rudlof, Jan"]
[Result "1/2-1/2"]
[WhiteElo "1492"]
[BlackElo "1698"]
[PlyCount "148"]
[EventDate "2023.07.01"]
[EventType "swiss"]
[EventRounds "9"]
[EventCountry "CZE"]
[SourceTitle "CBM 215 Extra"]
[Source "ChessBase"]
[SourceDate "2023.09.30"]
[SourceVersion "1"]
[SourceVersionDate "2023.09.30"]
[SourceQuality "1"]

1. e4 c6 2. d4 d5 3. exd5 cxd5 4. Bd3 Nc6 5. c3 Nf6 6. h3 g6 7. Bf4 Bg7 8. Nf3 0-0 9. Nbd2 Bf5 10. Bc2 Bxc2 11. Qxc2 Rc8 12. Nb3 Ne4 13. 0-0 a5 14. Qe2 Qb6 15. Nfd2 Nxd2 16. Qxd2 Qd8 17. Rfe1 b6 18. Rad1 Qd7 19. Qd3 Nd8 20. Nd2 Ne6 21. Be5 Bxe5 22. Rxe5 Ng7 23. Rde1 e6 24. Nf3 Qc6 25. R5e2 Qc4 26. Qxc4 Rxc4 27. Ne5 Rc7 28. g4 Ne8 29. Rc2 Nd6 30. f3 Rfc8 31. Rec1 Nb5 32. Rd2 f6 33. Nd3 Nxd4 34. cxd4 Rxc1+ 35. Nxc1 Rxc1+ 36. Kg2 Kf7 37. f4 b5 38. h4 b4 39. Kg3 a4 40. g5 Ke7 41. Kf3 Rf1+ 42. Kg3 Rc1 43. Kf3 f5 44. Kg3 Kd6 45. Kf3 Kc6 46. Re2 Kd7 47. Rd2 Ra1 48. b3 a3 49. Kg3 Rb1 50. Kf3 Rc1 51. Kf2 Rh1 52. Kg3 Rg1+ 53. Kf3 Rc1 54. Kf2 Ke7 55. Kf3 Kf7 56. Kf2 Kg7 57. Kg2 h6 58. Kf2 hxg5 59. hxg5 Kf7 60. Kg2 Ke7 61. Kf2 Rb1 62. Ke2 Rh1 63. Kf3 Re1 64. Kf2 Ra1 65. Kf3 Rb1 66. Ke2 Rc1 67. Kf2 Rh1 68. Kf3 Rb1 69. Ke2 Ra1 70. Kf2 Kd7 71. Kf3 Rb1 72. Ke2 Rh1 73. Kf3 Rf1+ 74. Kg3 Kd6 1/2-1/2